Red Herrings and White Elephants : (Record no. 623119)

MARC details
000 -LEADER
fixed length control field 00488nam a2200193 a 4500
008 - FIXED-LENGTH DATA ELEMENTS--GENERAL INFORMATION
fixed length control field 260512s2005##################000#0#eng##
020 ## - INTERNATIONAL STANDARD BOOK NUMBER
ISBN 9780060843373
082 04 - DEWEY DECIMAL CLASSIFICATION NUMBER
Classification number 422
Item number JAC
100 1# - MAIN ENTRY--AUTHOR NAME
Personal name Jack, Albert,
245 10 - TITLE STATEMENT
Title Red Herrings and White Elephants :
260 ## - PUBLICATION, DISTRIBUTION, ETC. (IMPRINT)
Name of publisher Harper,
Year of publication 2005.
300 ## - PHYSICAL DESCRIPTION
Number of Pages 272 pages
650 #0 - SUBJECT ADDED ENTRY--TOPICAL TERM
Topical Term Reference.
942 ## - ADDED ENTRY ELEMENTS (KOHA)
Koha item type English Books
Holdings
Withdrawn status Lost status Damaged status Not for loan Home library Current library Date acquired Full call number Accession Number Price effective from Koha item type
        Anna Centenary Library Anna Centenary Library 12.05.2026 422 JAC 467982 12.05.2026 English Books

Find us on the map